| 000 | 005480000a22002290004500 | ||
|---|---|---|---|
| 500 | _aBibliography: p.427-432 | ||
| 650 | _aEconometrics | ||
| 650 | _aProbability | ||
| 650 | _aStatistical mathematics | ||
| 650 | _aRegression | ||
| 082 |
_a330.18 _bT341i |
||
| 518 | _a990909 | ||
| 530 | _aM | ||
| 100 | _aTheil, Henri | ||
| 245 | _aIntroduction to econometrics | ||
| 020 | _a0-13-481028-7 | ||
| 260 |
_aNew Delhi _bPrentice-Hall of India, India |
||
| 260 | _c1981 | ||
| 041 | _aEng | ||
| 300 |
_axxvii, 447p. _billus |
||
| 942 | _cGEN | ||
| 999 |
_c19438 _d19438 |
||